Πρωτεύουσες του Κόσμου - Κ - Statistics

General Stats
  • This quiz has been taken 436 times
  • The average score is 11 of 18
Answer Stats
Κ % Correct
Κάιρο
85%
Καμπέρα
76%
Κίεβο
75%
Κισινάου
73%
Κουάλα Λουμπούρ
70%
Καράκας
65%
Καμπούλ
62%
Κινσάσα
60%
Κατμαντού
59%
Κοπεγχάγη
59%
Κίνγκστον
58%
Κίτο
57%
Καμπάλα
51%
Κίνγκσταουν
48%
Κέιπ Τάουν
45%
Κιγκάλι
45%
Κονακρί
41%
Κάστριες
35%
No matching quizzes found
Score Distribution
Percent of People with Each Score
Percentile by Number Answered
Your Score History
You have not taken this quiz